La canción de la pulga /

Guardado en:
Autor Principal: Kersh, Gerald
Formato: Libro
Publicado: Buenos Aires : Americana, 1953
Materias:
Etiquetas: Agregar Etiqueta
Sin Etiquetas, Sea el primero en etiquetar este registro!
LEADER 00475nam a22001815a 4500
001 CEM.cems003584
005 19000101000000.0
008 130507s1953##################000#0#####d
003 CEMS
082 0 4 |a 823.9 
100 1 |a Kersh, Gerald 
245 1 0 |a La canción de la pulga / 
260 |a Buenos Aires :  |b Americana,  |c 1953 
300 |a 242 p. 
653 |a Literatura 
653 |a Novela inglesa 
653 |a Novelas 
859 |a CEMS  |b BIB. CEMS - 11 de abril  |h 823.9  |i K474  |p 11749.83  |t Ej.1